000 00550nam a22001817a 4500
003 CEME
005 20210628203511.0
008 210121b xxu||||| |||| 00| 0 eng d
020 _a0-7879-8779-4
040 _c.
082 _a658.4092 DOD
100 _aDodd Dominic, Favaro Ken
_965848
245 _aThe three tensions, winning the struggle to perform without compromise
260 _aUSA
_bJOHN WILEY & SONS
_c2007
300 _aXVII,249P
650 _aSCIENCE IN BUSINESS.EXECUTIVES.LEADERSHIP.INDUSTRIAL MANAGEMENT
_965849
942 _cBK
_2ddc
999 _c573942
_d573942